| 000 | 00901cam a22002778i 4500 | ||
|---|---|---|---|
| 001 | 19691029 | ||
| 005 | 20180127090003.0 | ||
| 008 | 170605s2018 nju b 001 0 eng | ||
| 010 | _a 2017026911 | ||
| 020 | _a9781119167808 (pbk.) | ||
| 035 | _a(DNLM)101706958 | ||
| 040 |
_aDNLM/DLC _beng _erda _cDLC _dDLC |
||
| 041 | _aeng | ||
| 042 | _apcc | ||
| 060 | 1 | 0 | _aSF 985 |
| 080 | _a636.80 | ||
| 082 | 0 | 0 |
_a636.80 WYL _223 |
| 100 | 1 | _a6 | |
| 101 | _aANE | ||
| 245 | 1 | 0 |
_aFeline anesthesia and pain management / _cby Paulo V.M. Steagall, Sheilah A. Robertson, Polly Taylor. |
| 263 | _a1712 | ||
| 504 | _aIncludes bibliographical references and index. | ||
| 776 | 0 | 8 |
_iOnline version: _aSteagall, Paulo V. M., author. _tFeline anesthesia and pain management _dHoboken, NJ : Wiley, 2018 _z9781119167846 _w(DLC) 2017027877 |
| 906 |
_a7 _bcbc _corignew _d1 _eecip _f20 _gy-gencatlg |
||
| 942 |
_2ddc _cBK |
||
| 999 |
_c41102 _d41102 |
||